| 000 -LEADER |
| fixed length control field |
01288pab a2200157 454500 |
| 008 - FIXED-LENGTH DATA ELEMENTS--GENERAL INFORMATION |
| fixed length control field |
180718b2006 xxu||||| |||| 00| 0 eng d |
| 100 ## - MAIN ENTRY--PERSONAL NAME |
| Personal name |
Lingam, Lakshmi |
| 245 ## - TITLE STATEMENT |
| Title |
Gender, households and poverty: tracking mediations of macro adjustment programmes |
| 260 ## - PUBLICATION, DISTRIBUTION, ETC. |
| Date of publication, distribution, etc. |
2006 |
| 300 ## - PHYSICAL DESCRIPTION |
| Extent |
p.1989-998. |
| 362 ## - DATES OF PUBLICATION AND/OR SEQUENTIAL DESIGNATION |
| Dates of publication and/or sequential designation |
20 May |
| 520 ## - SUMMARY, ETC. |
| Summary, etc. |
A critical review of selected literature emerging from African, Latin American, Caribbean and Asian countries that have adopted structural adjustment programmes throws light on the multidimensionality of effects at the household level and cumulative gender implications. Major areas of concern revolve around examination household survival strategies as ways of coping with these impacts at the household level. This paper attempts to capture significant areas of concern that emerge from the literature around (a) women's work, poverty and structural adjustment; (b) household survival strategies; and (c) growing orthodoxy and the extant critique around gender, poverty, household headship and household survival strategies. The paper pulls together our understanding of gender and gender relations that the research seems to be cumulatively indicating. - Reproduced. |
| 650 ## - SUBJECT ADDED ENTRY--TOPICAL TERM |
| Topical term or geographic name entry element |
Poverty |
| 773 ## - HOST ITEM ENTRY |
| Main entry heading |
Economic and Political Weekly |
| 909 ## - |
| -- |
69737 |